Music Trivia: National origins of some music genres, vol. 2 - Statistics

General Stats
  • This quiz has been taken 40 times
  • The average score is 9 of 15
Answer Stats
Hint Answer % Correct
Flamenco Spain
94%
Opera Italy
91%
Tango Argentina
88%
Ragtime United States
85%
Grunge United States
85%
Afrobeat Ghana/Nigeria
71%
Ska Jamaica
68%
Tejano Mexico/United States
65%
Tuvan throat singing Mongolia/Russia
53%
Mazurka Poland
50%
Polka Czechia
44%
Cha-cha-cha Cuba
35%
Raga India
29%
Zydeco United States
29%
Soca Trinidad and Tobago
15%
No matching quizzes found
Score Distribution
Percent of People with Each Score
Percentile by Number Answered
Your Score History
You have not taken this quiz